000 00347 a2200157 4500
003 Nust
005 20230223120855.0
040 _cNust
082 _a581,PLA
100 _aRuth Binny
_9109517
245 _aThe Plants World /
260 _aChicago
_bWorld inc
_c1989
300 _a159 p
650 _aThe Plants world
_9109518
942 _2ddc
_cENC
999 _c184849
_d184849